00609nam a2200205Ia 4500003000400000005001700004008004100021041000800062082002100070100001900091245002400110260002500134300002000159500000900179500002300188500001500211942001200226999001900238952014600257OSt20260119052824.0251219s9999 xx 000 0 und d aeng a825 SIL bDB3257 aShel S9215977 aA Light In The Ahic bPenguin Books c1981 a185bHard Bound aPoem aEnglish Literature aLiterature 2ddccDB c369511d369511 00102ddc4070aHIMRbHIMRd2025-12-11g1.00l1o825 SIL DB3257pHIMR-DB-3257r2026-03-31 13:01:05s2026-03-25v1.00w2025-12-23yDBzDB3257